[Event "Saint Affrique op 22nd"]
[Site "Saint Affrique"]
[Date "2014.07.20"]
[Round "2"]
[White "Boyd, Christopher"]
[Black "Guerzeder, Thomas"]
[Result "0-1"]
[WhiteElo "1367"]
[BlackElo "1652"]
[PlyCount "43"]
[EventDate "2014.07.19"]
[EventType "swiss"]
[EventRounds "9"]
[EventCountry "FRA"]
[SourceTitle "CBM 161 Extra"]
[Source "ChessBase"]
[SourceDate "2014.08.29"]
[SourceVersion "1"]
[SourceVersionDate "2014.08.29"]
[SourceQuality "1"]

1. c4 Nf6 2. g3 g6 3. Bg2 Bg7 4. Nc3 c6 5. e3 d5 6. cxd5 cxd5 7. d4 Nc6 8. Nge2 0-0 9. 0-0 Na5 10. b3 Bf5 11. h3 h5 12. Nf4 Be4 13. Nxe4 Nxe4 14. Qd3 Nf6 15. Bd2 g5 16. Ne2 Nc6 17. Qf5 Bh6 18. e4 e6 19. Qf3 g4 20. Qc3 dxe4 21. Qe3 Bg7 22. d5 0-1

[Event "Saint Affrique op 20th"]
[Site "Saint Affrique"]
[Date "2012.07.25"]
[Round "6"]
[White "Boyd, Christopher"]
[Black "De Baralle, Michel"]
[Result "0-1"]
[WhiteElo "1210"]
[BlackElo "1557"]
[PlyCount "64"]
[EventDate "2012.07.21"]
[EventType "swiss"]
[EventRounds "9"]
[EventCountry "FRA"]
[SourceTitle "CBM 149 Extra"]
[Source "ChessBase"]
[SourceDate "2012.08.24"]
[SourceVersion "1"]
[SourceVersionDate "2012.08.24"]
[SourceQuality "1"]

1. c4 d5 2. b3 c6 3. d4 Nf6 4. Nc3 e6 5. Nf3 Be7 6. Bf4 Nbd7 7. e3 Bb4 8. Qc2 Qa5 9. Rc1 Ne4 10. Bd3 Bxc3+ 11. Ke2 0-0 12. Bxe4 dxe4 13. Qxc3 Qxc3 14. Rxc3 exf3+ 15. gxf3 Nf6 16. Rg1 Re8 17. Bh6 g6 18. Bg5 Nh5 19. h4 f6 20. Bh6 Bd7 21. Rd3 Rad8 22. d5 cxd5 23. cxd5 Bb5 24. e4 Bxd3+ 25. Kxd3 exd5 26. e5 fxe5 27. Bg5 Rc8 28. Rg4 Rf8 29. Ke3 Rc3+ 30. Ke2 Rcxf3 31. Be7 Rxf2+ 32. Kd1 R8f3 0-1